000 00782cab a2200265 4500
001 ABS56216
008 090401t1996 xxu||||| |||| 00| 0 eng d
035 _a(Sirsi) u21977
041 _aeng
100 _aBroad, M.
245 _aTriumph of the nerds
260 _c1996
350 _a0
490 _aProperty Week
_v57(8) 22 November 1996, 30-31(2)
520 _aReviews the success of out-of-town retailers PC World and Byte over high street shops in responding to the demand for home computers.
650 _aBYTE
650 _aCOMPUTERS
650 _aOUT-OF-TOWN RETAILING
650 _aPC WORLD
650 _aRETAILERS
650 _aSPACE REQUIREMENTS
690 _aMANAGEMENT-BUSINESS MANAGEMENT-INFORMATION MANAGEMENT
942 _n0
948 _c04/03/1997
999 _c14721
_d14721